Media convergence : (Record no. 57773)

MARC details
000 -LEADER
fixed length control field 00864nam a22002537a 4500
001 - CONTROL NUMBER
control field 57773
005 - DATE AND TIME OF LATEST TRANSACTION
control field 20260420131637.0
008 - FIXED-LENGTH DATA ELEMENTS--GENERAL INFORMATION
fixed length control field 260301s2012 enk ob 001 0 eng
020 ## - INTERNATIONAL STANDARD BOOK NUMBER
ISBN 9780230356702
Qualifying information ebook
020 ## - INTERNATIONAL STANDARD BOOK NUMBER
Cancelled/invalid ISBN 9780230228931
Qualifying information alk. paper
020 ## - INTERNATIONAL STANDARD BOOK NUMBER
Cancelled/invalid ISBN 9780230228948
Qualifying information pbk. : alk. paper
040 ## - CATALOGING SOURCE
Original cataloging agency BD-DhIUB
Language of cataloging eng
Transcribing agency BD-DhIUB
Modifying agency BD-DhIUB
082 04 - DEWEY DECIMAL CLASSIFICATION NUMBER
Classification number 302.30285
Edition number 22
Item number M512m
100 1# - MAIN ENTRY--PERSONAL NAME
Personal name Meikle, Graham,
Dates associated with a name 1965-,
Relator term author
245 10 - TITLE STATEMENT
Title Media convergence :
Remainder of title networked digital media in everyday life /
Statement of responsibility, etc Graham Meikle and Sherman Young
260 ## - PUBLICATION, DISTRIBUTION, ETC. (IMPRINT)
Place of publication, distribution, etc New York:
Name of publisher, distributor, etc Palgrave Macmillan,
Date of publication, distribution, etc 2012
300 ## - PHYSICAL DESCRIPTION
Extent vi, 242 p. :
Dimensions 24 cm.
504 ## - BIBLIOGRAPHY, ETC. NOTE
Bibliography, etc Includes bibliographical references (pages 201- 230) and index
526 ## - STUDY PROGRAM INFORMATION NOTE
School name Library
Shelving Location General Stacks
650 #0 - SUBJECT ADDED ENTRY--TOPICAL TERM
Topical term or geographic name as entry element Online social networks.
650 #0 - SUBJECT ADDED ENTRY--TOPICAL TERM
Topical term or geographic name as entry element Multimedia communications.
700 1# - ADDED ENTRY--PERSONAL NAME
Personal name Young, Sherman.
942 ## - ADDED ENTRY ELEMENTS (KOHA)
Source of classification or shelving scheme Dewey Decimal Classification
Koha item type Books
Holdings
Withdrawn status Lost status Source of classification or shelving scheme Damaged status Not for loan Home library Current library Shelving location Date acquired Source of acquisition Serial Enumeration / chronology Total Checkouts Full call number Barcode Date last seen Copy number Price effective from Koha item type
    Dewey Decimal Classification     Library, Independent University, Bangladesh (IUB) Library, Independent University, Bangladesh (IUB) General Stacks 01/03/2026 Gift / Donation 2012   302.30285 M512m G000679 20/04/2026 01 20/04/2026 Books